Szczegóły MARC21

Stretching : rozciąganie : cel rozgrzewki, rodzaje rozciągania, ćwiczenia rozciągające, przeciwskazania /

003 -Nazwa inst., której nr kontr. jest w polu 001 [,]
    • @
    • Nazwa instytucji, której n kontrolny jest w polu 001
    • NUKAT
005 -DATA I CZAS OSTATNIEJ MODYFIKACJI [,]
    • @
    • pole kontrolne
    • 20250401100204.0
020 -Międzynarod. znormalizowany nr książki - ISBN [ , ]
    • a
    • Numer ISBN
    • 978-83-8260-463-4 Find
    • q
    • Dopowiedzenie
    • (oprawa miękka) :
    • c
    • Terms of availability
    • zł 5,99
040 -Instytucja sporządzająca opis [ , ]
    • a
    • Instytucja, która sporządziła opis (NP)
    • SZCZ U/AB
    • b
    • Język katalogowania
    • pol
    • e
    • Zasady katalogowania
    • rda
    • c
    • Instytucja, która sporządziła rekord (NP)
    • SZCZ U/ABs
942 -Rodzaj dokumentu [ , ]
    • c
    • Rodzaj dokumentu
    • Książka
100 -Hasło główne - nazwa osobowa [1, ]
    • a
    • Nazwa osobowa (NP)
    • Chojnowska-Depczyńska, Emilia.
    • e
    • Rodzaj współpracy
    • Autor
    • 9
    • KHW
    • 458813
245 -Strefa tytułu i oznaczenia odpowiedzialności [1,0]
    • a
    • Tytuł
    • Stretching : Find
    • b
    • Ciąg dalszy tytułu (NP)
    • rozciąganie : cel rozgrzewki, rodzaje rozciągania, ćwiczenia rozciągające, przeciwskazania / Find
    • c
    • Pozostałe elementy strefy tytułu i oznaczenia odpowiedzialności (NP)
    • Emilia Chojnowska-Depczyńska ; zdjęcia Mateusz Patalon ; ilustracje Katarzyna Stocka-Kwiatkowska.
246 -Wariant tytułu [3,0]
    • a
    • Tytuł (NP)
    • Stretching :
    • b
    • Ciąg dalszy tytułu (NP)
    • rozciąganie
260 -Strefa adresu wydawniczego [ , ]
    • a
    • Miejsce wydania (P)
    • Toruń :
    • b
    • Nazwa wydawcy (P)
    • Wydawnictwo Literat,
    • c
    • Data wydania (P)
    • [2025].
300 -Strefa opisu fizycznego [ , ]
    • a
    • Określenie formy książki i/lub objętość (NP)
    • 32 strony :
    • b
    • Oznaczenie ilustracji (NP)
    • ilustracje ;
    • c
    • Format (NP)
    • 21 cm.
336 -Typ zawartości [ , ]
    • a
    • Termin opisujący typ zawartości
    • Tekst
    • b
    • Kod określający zawartość
    • txt
    • 2
    • Źródło (terminu i kodu)
    • rdacontent
337 -Typ mediów [ , ]
    • a
    • Tryb odtwarzania
    • Bez urządzenia pośredniczącego
    • b
    • Kod typu mediów
    • n
    • 2
    • Źródło (terminu i kodu)
    • rdamedia
338 -Typ/rodzaj nośnika [ , ]
    • a
    • Hasło opisujące typ nośnika
    • Wolumin
    • b
    • Kod typu nośnika
    • nc
    • 2
    • Źródło (terminu i kodu)
    • rdacarrier
490 -Strefa serii i książki wielotomowej - forma nie do wyszukiwania [1, ]
    • a
    • Tytuł (P)
    • Porady Lekarza Rodzinnego ; Find
    • v
    • Numeracja (P)
    • nr 189
830 -Hasło dodatkowe serii i opisu książki wielotomowej - tytuł ujednolicony/tytuł [ ,0]
    • a
    • Tytuł ujednolicony/tytuł (NP)
    • Porady Lekarza Rodzinnego
    • v
    • Oznaczenie tomu (NP)
    • nr 189
    • 9
    • KHW
    • 24621
500 -Uwaga ogólna [ , ]
    • a
    • Uwaga ogólna (NP)
    • Opis według okładki.
500 -Uwaga ogólna [ , ]
    • a
    • Uwaga ogólna (NP)
    • Rok wydania według empik.com: https://www.empik.com/stretching-rozciaganie-chojnowska-depczynska-emilia,p1574847053,ksiazka-p.
650 -Hasło przedmiotowe [ ,7]
    • a
    • Hasło przedmiotowe
    • Stretching
    • v
    • Określnik formalny
    • poradniki.
    • 2
    • Źródło terminu
    • kaba
    • 9
    • KHW
    • 359614
700 -Hasło dodatkowe - nazwa osobowa [1, ]
    • a
    • Nazwa osobowa (NP)
    • Patalon, Mateusz. Find
    • e
    • Określenie rodzaju współpracy
    • Fotografie
    • 9
    • KHW
    • 651800
700 -Hasło dodatkowe - nazwa osobowa [1, ]
    • a
    • Nazwa osobowa (NP)
    • Stocka-Kwiatkowska, Katarzyna. Find
    • e
    • Określenie rodzaju współpracy
    • Ilustracje
    • 9
    • KHW
    • 658441
710 -Hasło dodatkowe - nazwa ciała zbiorowego [2, ]
    • a
    • Nazwa ciała zbiorowego lub nazwa geograficzna jako pierwszy element (NP)
    • Wydawnictwo Literat Andrzej Chmielewski.
    • e
    • Rodzaj współpracy
    • Wydawca
    • 4
    • Kod relacji
    • pbl
    • 9
    • KHW
    • 721012
920 -ISBN [ , ]
    • a
    • ISBN
    • 978-83-8260-463-4 (oprawa miękka) : zł 5,99 Find
Numer inwentarzowy Status udost. Sygnatura Lokalizacja Data inwentaryzacji
WFM.340-3 BM2025-04-02
WF.111821Ćwiczenia zdrowotne 40BM2025-04-02